Functional analysis of mitogen activated protein kinase superfamily in solanaceae/ (Record no. 523504)

000 -LEADER
fixed length control field 00677nam a22001937a 4500
003 - CONTROL NUMBER IDENTIFIER
control field NUST
005 - DATE AND TIME OF LATEST TRANSACTION
control field 20240709120151.0
008 - FIXED-LENGTH DATA ELEMENTS--GENERAL INFORMATION
fixed length control field 190326b ||||| |||| 00| 0 eng d
038 ## - RECORD CONTENT LICENSOR
Staff Name ASAB
082 ## - DEWEY DECIMAL CLASSIFICATION NUMBER
Classification number 200
100 ## - MAIN ENTRY--PERSONAL NAME
Personal name Hira Iftikhar
9 (RLIN) 16470
245 ## - TITLE STATEMENT
Title Functional analysis of mitogen activated protein kinase superfamily in solanaceae/
Statement of responsibility, etc. Hira Iftikhar
260 ## - PUBLICATION, DISTRIBUTION, ETC.
Place of publication, distribution, etc. Islamabad.
Name of publisher, distributor, etc. Atta ur Rahman School of Applied Biosciences ASAB.
Date of publication, distribution, etc. 2018.
300 ## - PHYSICAL DESCRIPTION
Extent 289 p. ;
Other physical details ill;
Dimensions 30,cm.
610 ## - SUBJECT ADDED ENTRY--CORPORATE NAME
General subdivision PhD-Industrial Biotechnology
9 (RLIN) 124239
700 ## - ADDED ENTRY--PERSONAL NAME
Personal name Supervisor;Dr. Nasar-um-Minullah
9 (RLIN) 124240
856 ## - ELECTRONIC LOCATION AND ACCESS
Uniform Resource Identifier <a href="http://10.250.8.41:8080/xmlui/handle/123456789/23866">http://10.250.8.41:8080/xmlui/handle/123456789/23866</a>
942 ## - ADDED ENTRY ELEMENTS (KOHA)
Source of classification or shelving scheme
Koha item type Soft Copy
Holdings
Withdrawn status Lost status Source of classification or shelving scheme Damaged status Not for loan Permanent Location Current Location Date acquired Total Checkouts Full call number Barcode Date last seen Price effective from Koha item type Shelving location
          Atta-ur-Rahman School of Applied Biosciences (ASAB) Atta-ur-Rahman School of Applied Biosciences (ASAB) 03/26/2019   Thesis 2018 HI ASABPhD52 03/26/2019 03/26/2019 Thesis  
          Central Library (CL) Central Library (CL) 07/09/2024   200 CLPT-283 07/09/2024 07/09/2024 Soft Copy Thesis
© 2023 Central Library, National University of Sciences and Technology. All Rights Reserved.